Hra fantazie : komedie o 2 dějstvích /

Hlavní autor: Braginskij, Èmil' Veniaminovič, 1921-1998
Jazyk: Čeština
Vydáno: Praha : Dilia, 1981
Vydání: 1. vyd.
Fyzický popis: 67 s. ; 4°
Knihy
Uloženo v:
LEADER 00919nam a22002892a 4500
001 000934284
003 CZ BrMZK
005 20090320124321.0
007 ta
008 090320s1981 xr er|||||||||||cze d
015 |a cnb000400128 
035 |a (OCoLC)42154103 
040 |a ABA001  |b cze  |c ABA001  |d ABA001  |d BOA001 
041 1 |a cze  |h rus 
080 9 |a 882-22 
100 1 |a Braginskij, Èmil' Veniaminovič,  |d 1921-1998  |7 jo20010084820  |4 aut 
245 1 0 |a Hra fantazie :  |b komedie o 2 dějstvích /  |c Emil Braginskij ; z ruského originálu ... přeložil Josef Palla 
250 |a 1. vyd. 
260 |a Praha :  |b Dilia,  |c 1981 
300 |a 67 s. ;  |c 4° 
500 |a Obálka: Josef Vršťala 
500 |a 150 výt. 
765 0 |t Igra voobraženija  |9 Česky 
910 |a BOA001  |b 4-0836.522 
990 |a BK 
991 |b 200903 
996 6 |b BC-684549  |c 4-0836.522  |l MZK  |r Sklad / do 1 hodiny  |n 0  |w 000934284  |u 000010  |a 1  |e BOA001  |j MZK50  |s P